<?xml version="1.0" encoding="UTF-8"?>
<collection xmlns="http://www.loc.gov/MARC21/slim">
 <record>
  <leader>08382nas a2201165 a 4500</leader>
  <controlfield tag="001">1/50454</controlfield>
  <controlfield tag="008">020708c19939999lu qrzp       0   a0eng d</controlfield>
  <datafield tag="022" ind1=" " ind2=" ">
   <subfield code="a">1608-389X</subfield>
  </datafield>
  <datafield tag="035" ind1=" " ind2=" ">
   <subfield code="l">33973</subfield>
  </datafield>
  <datafield tag="040" ind1=" " ind2=" ">
   <subfield code="a">GR-PeUP</subfield>
  </datafield>
  <datafield tag="090" ind1=" " ind2=" ">
   <subfield code="a">ΚΕΤ Αλφαβητική σειρά</subfield>
  </datafield>
  <datafield tag="245" ind1="0" ind2="0">
   <subfield code="a">Inforegio panorama.</subfield>
  </datafield>
  <datafield tag="260" ind1=" " ind2=" ">
   <subfield code="a">Λουξεμβούργο :</subfield>
   <subfield code="b">Υπηρεσία Επισήμων Εκδόσεων των Ευρωπαϊκών Κοινοτήτων,</subfield>
   <subfield code="c">1993-</subfield>
  </datafield>
  <datafield tag="300" ind1=" " ind2=" ">
   <subfield code="a">τ. ;</subfield>
   <subfield code="c">30 εκ.</subfield>
  </datafield>
  <datafield tag="310" ind1=" " ind2=" ">
   <subfield code="a">Τριμηνιαίο</subfield>
  </datafield>
  <datafield tag="500" ind1=" " ind2=" ">
   <subfield code="a">Στην επιλογή Εμφάνιση MARC υπάρχει ο επιμέρους τίτλος κάθε τεύχους. Η ηλεκτρονική έκδοση περιλαμβάνει όλα τα τεύχη και είναι πολύγλωσση.</subfield>
  </datafield>
  <datafield tag="505" ind1="0" ind2=" ">
   <subfield code="a">no. 1 (Oct. 2000).</subfield>
  </datafield>
  <datafield tag="505" ind1="0" ind2=" ">
   <subfield code="a">no. 4 (Jul./Aug. 2001) Where next for cohesion policy? The debate takes shape.</subfield>
  </datafield>
  <datafield tag="505" ind1="0" ind2=" ">
   <subfield code="a">no. 5 (October 2001) Driving development in Europe's cities.</subfield>
  </datafield>
  <datafield tag="505" ind1="0" ind2=" ">
   <subfield code="a">no. 6 (January 2002) Cooperation without borders.</subfield>
  </datafield>
  <datafield tag="505" ind1="0" ind2=" ">
   <subfield code="a">no. 7 (June 2002) Bringing the regions closer together.</subfield>
  </datafield>
  <datafield tag="505" ind1="0" ind2=" ">
   <subfield code="a">no. 8 (December 2002) Solidarity and cohesion.</subfield>
  </datafield>
  <datafield tag="505" ind1="0" ind2=" ">
   <subfield code="a">no. 10 (June 2003) Towards enlargement.</subfield>
  </datafield>
  <datafield tag="505" ind1="0" ind2=" ">
   <subfield code="a">no. 11 (September 2003) Innovative regions.</subfield>
  </datafield>
  <datafield tag="505" ind1="0" ind2=" ">
   <subfield code="a">no. 12 (December 2003) Exchanging good practice.</subfield>
  </datafield>
  <datafield tag="505" ind1="0" ind2=" ">
   <subfield code="a">no. 13 (April 2004) Spotlight on enlargement : a new partnership for cohesion.</subfield>
  </datafield>
  <datafield tag="505" ind1="0" ind2=" ">
   <subfield code="a">no. 14 (September 2004) The Cohesion fund : a boost for European solidarity.</subfield>
  </datafield>
  <datafield tag="505" ind1="0" ind2=" ">
   <subfield code="a">no. 15 (December 2004) The Solidarity fund and risk prevention.</subfield>
  </datafield>
  <datafield tag="505" ind1="0" ind2=" ">
   <subfield code="a">no. 16 (May 2005) Best practice in regional development.</subfield>
  </datafield>
  <datafield tag="505" ind1="0" ind2=" ">
   <subfield code="a">no. 17 (September 2005) Cooperation at the heart of cohesion: Interreg in action.</subfield>
  </datafield>
  <datafield tag="505" ind1="0" ind2=" ">
   <subfield code="a">no. 18 (December 2005) Transport, a driving force for regional development.</subfield>
  </datafield>
  <datafield tag="505" ind1="0" ind2=" ">
   <subfield code="a">no. 19 (April 2006) Cities for growth, jobs and cohesion : the urban action of the structural funds.</subfield>
  </datafield>
  <datafield tag="505" ind1="0" ind2=" ">
   <subfield code="a">no. 20 (September 2006) Energy and regional development.</subfield>
  </datafield>
  <datafield tag="505" ind1="0" ind2=" ">
   <subfield code="a">no. 21 (December 2006) A new transparent European cohesion policy.</subfield>
  </datafield>
  <datafield tag="505" ind1="0" ind2=" ">
   <subfield code="a">no. 22 (June 2007) Gender mainstreaming and regional development.</subfield>
  </datafield>
  <datafield tag="505" ind1="0" ind2=" ">
   <subfield code="a">no. 23 (September 2007) Regions at the hearth of European maritime policy.</subfield>
  </datafield>
  <datafield tag="505" ind1="0" ind2=" ">
   <subfield code="a">no. 24 (December 2007) Regions as partners The European Territorial Cooperation Objective.</subfield>
  </datafield>
  <datafield tag="505" ind1="0" ind2=" ">
   <subfield code="a">no. 25 (March 2008) Regional policy, sustainable development and climate change.</subfield>
  </datafield>
  <datafield tag="505" ind1="0" ind2=" ">
   <subfield code="a">no. 27 (September 2008) Moving up a gear through pre-accession funding : Regional Policy and enlargement.</subfield>
  </datafield>
  <datafield tag="505" ind1="0" ind2=" ">
   <subfield code="a">no. 30 (Summer 2009) The EU Baltic Sea region strategy : towards a sustainable, prosperous future.</subfield>
  </datafield>
  <datafield tag="505" ind1="0" ind2=" ">
   <subfield code="a">no. 29 (Spring 2009) Creativity and innovation : driving competitiveness in the regions.</subfield>
  </datafield>
  <datafield tag="505" ind1="0" ind2=" ">
   <subfield code="a">no. 31 (Autumn 2009) Climate change : responses at regional level.</subfield>
  </datafield>
  <datafield tag="505" ind1="0" ind2=" ">
   <subfield code="a">no. 21 (December 2006) A new transparent European cohesion policy.</subfield>
  </datafield>
  <datafield tag="505" ind1="0" ind2=" ">
   <subfield code="a">no. 22 (June 2007) Gender mainstreaming and regional development.</subfield>
  </datafield>
  <datafield tag="505" ind1="0" ind2=" ">
   <subfield code="a">no. 23 (September 2007) Regions at the heart of European maritime policy.</subfield>
  </datafield>
  <datafield tag="505" ind1="0" ind2=" ">
   <subfield code="a">no. 27 (September 2008) Regional policy and enlargement : moving up a gear through pre-accession funding.</subfield>
  </datafield>
  <datafield tag="505" ind1="0" ind2=" ">
   <subfield code="a">no. 28 (December 2008) Green paper on territorial cohesion the way ahead.</subfield>
  </datafield>
  <datafield tag="505" ind1="0" ind2=" ">
   <subfield code="a">no. 29 (Spring 2009) Creativity and innovation : driving competitiveness in the regions.</subfield>
  </datafield>
  <datafield tag="505" ind1="0" ind2=" ">
   <subfield code="a">no. 30 (Summer 2009) The EU Baltic Sea Region strategy : towards a sustainable, prosperous future.</subfield>
  </datafield>
  <datafield tag="505" ind1="0" ind2=" ">
   <subfield code="a">no. 31 (Autumn 2009) Climate change : responses at regional level.</subfield>
  </datafield>
  <datafield tag="505" ind1="0" ind2=" ">
   <subfield code="a">no. 32 (Winter 2010) Communicating EU Regional policy : letting the achievements speak.</subfield>
  </datafield>
  <datafield tag="505" ind1="0" ind2=" ">
   <subfield code="a">no. 33 (Spring 2010) Evaluating regional policy : insights and results.</subfield>
  </datafield>
  <datafield tag="505" ind1="0" ind2=" ">
   <subfield code="a">no. 34 (Summer 2010) Regional policy, an integrated approach.</subfield>
  </datafield>
  <datafield tag="505" ind1="0" ind2=" ">
   <subfield code="a">no. 35 (Autumn 2010) Towards greater social inclusion.</subfield>
  </datafield>
  <datafield tag="505" ind1="0" ind2=" ">
   <subfield code="a">no. 36 (Winter 2010/2011) Delivering smart, sustainable and inclusive growth : the fifth report on economic, social and territorial cohesion.</subfield>
  </datafield>
  <datafield tag="505" ind1="0" ind2=" ">
   <subfield code="a">no.37 (Spring 2011) The EU Strategy for the Danube Region.</subfield>
  </datafield>
  <datafield tag="505" ind1="0" ind2=" ">
   <subfield code="a">no.38 (Summer 2011) Connecting Europe.</subfield>
  </datafield>
  <datafield tag="505" ind1="0" ind2=" ">
   <subfield code="a">no.39 (Autumn 2011) The role of Regional Policy in the future of Europe.</subfield>
  </datafield>
  <datafield tag="505" ind1="0" ind2=" ">
   <subfield code="a">no.40 (Winter 2011/2012) Cohesion Policy 2014-2020 Investing in Europe's regions.</subfield>
  </datafield>
  <datafield tag="505" ind1="0" ind2=" ">
   <subfield code="a">no.41 (Spring 2012) Targeting results. Fine tuning cohesion policy.</subfield>
  </datafield>
  <datafield tag="505" ind1="0" ind2=" ">
   <subfield code="a">no.42 (Summer 2012).</subfield>
  </datafield>
  <datafield tag="505" ind1="0" ind2=" ">
   <subfield code="a">no.43 (Autumn 2012).</subfield>
  </datafield>
  <datafield tag="505" ind1="0" ind2=" ">
   <subfield code="a">no.44 (Winter 2012).</subfield>
  </datafield>
  <datafield tag="505" ind1="0" ind2=" ">
   <subfield code="a">no.45 (Spring 2013) Bringing communities together.</subfield>
  </datafield>
  <datafield tag="505" ind1="0" ind2=" ">
   <subfield code="a">no.46 (Summer 2013) The EU welcomes Croatia.</subfield>
  </datafield>
  <datafield tag="505" ind1="0" ind2=" ">
   <subfield code="a">no.47 (Autumn 2013) Eco-innovation.</subfield>
  </datafield>
  <datafield tag="505" ind1="0" ind2=" ">
   <subfield code="a">no.48 (Winter 2013) Cohesion policy 2014-2020.</subfield>
  </datafield>
  <datafield tag="505" ind1="0" ind2=" ">
   <subfield code="a">no.49 (Summer 2014) Building partnerships.</subfield>
  </datafield>
  <datafield tag="505" ind1="0" ind2=" ">
   <subfield code="a">no.50 (Autumn 2014) Towards innovation and green growth.</subfield>
  </datafield>
  <datafield tag="505" ind1="0" ind2=" ">
   <subfield code="a">no.51(Winter 2014) The new Comission takes office.</subfield>
  </datafield>
  <datafield tag="505" ind1="0" ind2=" ">
   <subfield code="a">αριθ. 26 (Ιούνιος 2008) Πολιτική συνοχή της ΕΕ 1988-2008 : Επένδυση στο μέλλον της Ευρώπης.</subfield>
  </datafield>
  <datafield tag="505" ind1="0" ind2=" ">
   <subfield code="a">Special edition (October 2010) Europe 2010 : competitiveness and cohesion for all regions.</subfield>
  </datafield>
  <datafield tag="505" ind1="0" ind2=" ">
   <subfield code="a">no. 54 (Autumn 2015) Powering the Energy Union.</subfield>
  </datafield>
  <datafield tag="505" ind1="0" ind2=" ">
   <subfield code="a">no. 55 (Winter 2015) Delivering the EU' s investment policy.</subfield>
  </datafield>
  <datafield tag="505" ind1="0" ind2=" ">
   <subfield code="a">no. 56 (Spring 2016) Coordinated efforts to safeguard funding.</subfield>
  </datafield>
  <datafield tag="546" ind1=" " ind2=" ">
   <subfield code="a">Αγγλική</subfield>
  </datafield>
  <datafield tag="650" ind1=" " ind2="4">
   <subfield code="a">Regional planning</subfield>
   <subfield code="z">European Union countries</subfield>
   <subfield code="v">Periodicals.</subfield>
  </datafield>
  <datafield tag="710" ind1="2" ind2=" ">
   <subfield code="a">European Commission.</subfield>
  </datafield>
  <datafield tag="852" ind1=" " ind2=" ">
   <subfield code="a">INST</subfield>
   <subfield code="b">UNIPILB</subfield>
   <subfield code="c">SERIALS</subfield>
   <subfield code="e">20131021</subfield>
   <subfield code="h">Αλφαβητική σειρά</subfield>
   <subfield code="p">NB000343</subfield>
   <subfield code="q">NB000343</subfield>
   <subfield code="t">NOLOAN</subfield>
   <subfield code="v">no.47 Eco-innovation:(Εποχή)Autumn;(Έτος)2013</subfield>
   <subfield code="y">23</subfield>
  </datafield>
  <datafield tag="852" ind1=" " ind2=" ">
   <subfield code="a">INST</subfield>
   <subfield code="b">UNIPILB</subfield>
   <subfield code="c">SERIALS</subfield>
   <subfield code="e">20120619</subfield>
   <subfield code="h">ΚΕΤ Αλφαβητική σειρά</subfield>
   <subfield code="p">75782</subfield>
   <subfield code="q">75782</subfield>
   <subfield code="t">NOLOAN</subfield>
   <subfield code="v">no.40 Targeting results:(Εποχή)Spring;(Έτος)2012</subfield>
   <subfield code="y">23</subfield>
  </datafield>
  <datafield tag="852" ind1=" " ind2=" ">
   <subfield code="a">INST</subfield>
   <subfield code="b">UNIPILB</subfield>
   <subfield code="c">SERIALS</subfield>
   <subfield code="e">20120912</subfield>
   <subfield code="h">ΚΕΤ Αλφαβητική σειρά</subfield>
   <subfield code="p">76434</subfield>
   <subfield code="q">76434</subfield>
   <subfield code="t">NOLOAN</subfield>
   <subfield code="v">no.42:(Εποχή)Summer;(Έτος)2012</subfield>
   <subfield code="y">23</subfield>
  </datafield>
  <datafield tag="852" ind1=" " ind2=" ">
   <subfield code="a">INST</subfield>
   <subfield code="b">UNIPILB</subfield>
   <subfield code="c">SERIALS</subfield>
   <subfield code="e">20121127</subfield>
   <subfield code="h">ΚΕΤ Αλφαβητική σειρά</subfield>
   <subfield code="p">77189</subfield>
   <subfield code="q">77189</subfield>
   <subfield code="t">NOLOAN</subfield>
   <subfield code="v">no.43:(Εποχή)Autumn;(Έτος)2012</subfield>
   <subfield code="y">23</subfield>
  </datafield>
  <datafield tag="852" ind1=" " ind2=" ">
   <subfield code="a">INST</subfield>
   <subfield code="b">UNIPILB</subfield>
   <subfield code="c">SERIALS</subfield>
   <subfield code="e">20130301</subfield>
   <subfield code="h">ΚΕΤ Αλφαβητική σειρά</subfield>
   <subfield code="p">78266</subfield>
   <subfield code="q">78266</subfield>
   <subfield code="t">NOLOAN</subfield>
   <subfield code="v">no.41 Targeting results:(Εποχή)Spring;(Έτος)2012</subfield>
   <subfield code="y">23</subfield>
  </datafield>
  <datafield tag="852" ind1=" " ind2=" ">
   <subfield code="a">INST</subfield>
   <subfield code="b">UNIPILB</subfield>
   <subfield code="c">SERIALS</subfield>
   <subfield code="e">20130306</subfield>
   <subfield code="h">ΚΕΤ Αλφαβητική σειρά</subfield>
   <subfield code="p">78284</subfield>
   <subfield code="q">78284</subfield>
   <subfield code="t">NOLOAN</subfield>
   <subfield code="v">no.44:(Εποχή)Winter;(Έτος)2012</subfield>
   <subfield code="y">23</subfield>
  </datafield>
  <datafield tag="852" ind1=" " ind2=" ">
   <subfield code="a">INST</subfield>
   <subfield code="b">UNIPILB</subfield>
   <subfield code="c">SERIALS</subfield>
   <subfield code="e">20130610</subfield>
   <subfield code="h">ΚΕΤ Αλφαβητική σειρά</subfield>
   <subfield code="p">80018</subfield>
   <subfield code="q">80018</subfield>
   <subfield code="t">NOLOAN</subfield>
   <subfield code="v">no.45:(Εποχή)Spring;(Έτος)2013</subfield>
   <subfield code="y">23</subfield>
  </datafield>
  <datafield tag="852" ind1=" " ind2=" ">
   <subfield code="a">INST</subfield>
   <subfield code="b">UNIPILB</subfield>
   <subfield code="c">SERIALS</subfield>
   <subfield code="e">20140407</subfield>
   <subfield code="h">ΚΕΤ Αλφαβητική σειρά</subfield>
   <subfield code="p">82735</subfield>
   <subfield code="q">82735</subfield>
   <subfield code="t">NOLOAN</subfield>
   <subfield code="v">no.48:(Εποχή)Winter;(Έτος)2013</subfield>
   <subfield code="y">23</subfield>
  </datafield>
  <datafield tag="852" ind1=" " ind2=" ">
   <subfield code="a">INST</subfield>
   <subfield code="b">UNIPILB</subfield>
   <subfield code="c">SERIALS</subfield>
   <subfield code="e">20150630</subfield>
   <subfield code="h">ΚΕΤ Αλφαβητική σειρά</subfield>
   <subfield code="p">86697</subfield>
   <subfield code="q">86697</subfield>
   <subfield code="t">NOLOAN</subfield>
   <subfield code="v">no.52:(Εποχή)Spring;(Έτος)2015</subfield>
   <subfield code="y">23</subfield>
  </datafield>
  <datafield tag="852" ind1=" " ind2=" ">
   <subfield code="a">INST</subfield>
   <subfield code="b">UNIPILB</subfield>
   <subfield code="c">SERIALS</subfield>
   <subfield code="e">20151111</subfield>
   <subfield code="h">ΚΕΤ Αλφαβητική σειρά</subfield>
   <subfield code="p">87082</subfield>
   <subfield code="q">87082</subfield>
   <subfield code="t">NOLOAN</subfield>
   <subfield code="v">no.53:(Εποχή)Καλοκαίρι;(Έτος)2015</subfield>
   <subfield code="y">23</subfield>
  </datafield>
  <datafield tag="852" ind1=" " ind2=" ">
   <subfield code="a">INST</subfield>
   <subfield code="b">UNIPILB</subfield>
   <subfield code="c">SERIALS</subfield>
   <subfield code="e">20160202</subfield>
   <subfield code="h">ΚΕΤ Αλφαβητική σειρά</subfield>
   <subfield code="p">87387</subfield>
   <subfield code="q">87387</subfield>
   <subfield code="t">NOLOAN</subfield>
   <subfield code="v">no.54:(Εποχή)Φθινόπωρο;(Έτος)2015</subfield>
   <subfield code="y">23</subfield>
  </datafield>
  <datafield tag="852" ind1=" " ind2=" ">
   <subfield code="a">INST</subfield>
   <subfield code="b">UNIPILB</subfield>
   <subfield code="c">SERIALS</subfield>
   <subfield code="e">20160829</subfield>
   <subfield code="h">ΚΕΤ Αλφαβητική σειρά</subfield>
   <subfield code="p">88939</subfield>
   <subfield code="q">88939</subfield>
   <subfield code="t">NOLOAN</subfield>
   <subfield code="v">no.57:(Εποχή)Summer;(Έτος)2016</subfield>
   <subfield code="y">23</subfield>
  </datafield>
  <datafield tag="856" ind1="4" ind2="1">
   <subfield code="u">http://ec.europa.eu/regional_policy/information/panorama/index_en.cfm</subfield>
  </datafield>
  <datafield tag="950" ind1=" " ind2=" ">
   <subfield code="a">01/03/2012</subfield>
   <subfield code="c">ΚΕΝΤΡΟ ΕΥΡΩΠΑΙΚΗΣ ΤΕΚΜΗΡΙΩΣΗΣ</subfield>
   <subfield code="d">740</subfield>
  </datafield>
  <datafield tag="951" ind1=" " ind2=" ">
   <subfield code="a">No.72 (Spring 2020)</subfield>
   <subfield code="b">Main run</subfield>
  </datafield>
  <datafield tag="951" ind1=" " ind2=" ">
   <subfield code="a">()</subfield>
   <subfield code="b">Main run</subfield>
  </datafield>
  <datafield tag="951" ind1=" " ind2=" ">
   <subfield code="a">no. 48   (Winter 2013)</subfield>
   <subfield code="b">Main run</subfield>
  </datafield>
  <datafield tag="951" ind1=" " ind2=" ">
   <subfield code="a">no.52   (Spring 2015)</subfield>
   <subfield code="b">Main run</subfield>
  </datafield>
  <datafield tag="951" ind1=" " ind2=" ">
   <subfield code="a">no.53   (Καλοκαίρι 2015)</subfield>
   <subfield code="b">Main run</subfield>
  </datafield>
  <datafield tag="951" ind1=" " ind2=" ">
   <subfield code="a">no.54   (Φθινόπωρο 2015)</subfield>
   <subfield code="b">Main run</subfield>
  </datafield>
  <datafield tag="951" ind1=" " ind2=" ">
   <subfield code="a">no. 57   (Summer 2016)</subfield>
   <subfield code="b">Main run</subfield>
  </datafield>
  <datafield tag="951" ind1=" " ind2=" ">
   <subfield code="a">no.65 (καλοκαιρι 2018)</subfield>
   <subfield code="b">Main run</subfield>
  </datafield>
 </record>
</collection>
